000
00332nam a2200145Ia 4500
100
_a
Tanenbaum /Andrew S.
250
_a
4
942
_c
BK
654
_a
computer
245
_a
Computer Networks : Protocols standards and interfaces
260
_b
prentice hall
_c
2003
082
_a
4.6
_b
TAN
300
_a
891
546
_a
ENGLISH
999
_c
28151
_d
28151